Statistics for U.S Cities by African-American Population

Click here to take the quiz!

General Stats

  • This quiz has been taken 77,290 times
    (17,756 since last reset)
  • The average score is 14 of 20

Answer Stats

#City%% Correct
2,240,000New York City26.5
99%
385,000Los Angeles10.0
96%
817,000Chicago30.3
93%
235,000Atlanta47.3
88%
553,000Houston24.2
86%
333,000Dallas25.8
85%
504,000Detroit79.7
84%
678,000Philadelphia43.0
80%
225,000New Orleans59.6
78%
315,000Washington D.C.47.1
78%
364,000Baltimore63.2
68%
411,000Memphis65.4
65%
194,000Cleveland52.6
64%
195,000Nashville28.7
64%
328,000Charlotte37.3
61%
313,000Jacksonville32.8
56%
294,000Columbus32.4
53%
278,000Indianapolis31.5
53%
238,000Milwaukee41.8
47%
214,000Fort Worth22.7
24%

Score Distribution

Percentile by Number Answered

Percent of People with Each Score

Your Score History

You have not taken this quiz since the last reset